[Event "Moscow-ch op Superfinal"]
[Site "Ershovo"]
[Date "2024.02.28"]
[Round "8"]
[White "Miroshnik, Ekaterina"]
[Black "Petrova, Elizaveta"]
[Result "1/2-1/2"]
[WhiteElo "2125"]
[BlackElo "1895"]
[PlyCount "66"]
[EventDate "2024.02.23"]
[EventType "swiss"]
[EventRounds "10"]
[EventCountry "RUS"]
[SourceTitle "CB10_2024"]
[SourceDate "2024.03.06"]
[SourceVersion "1"]
[SourceVersionDate "2024.03.06"]
[SourceQuality "1"]

1. d4 Nf6 2. c4 e6 3. Nc3 Bb4 4. e3 d5 5. a3 Bxc3+ 6. bxc3 dxc4 7. Bxc4 c5 8. Ne2 0-0 9. 0-0 Nc6 10. f4 b6 11. Bd3 Bb7 12. e4 cxd4 13. cxd4 Nxd4 14. Bb2 Nxe2+ 15. Qxe2 Qe7 16. Rf3 Rfd8 17. Rg3 Rac8 18. Rf1 Ne8 19. Kh1 f6 20. Bb1 Rc7 21. Rh3 Rcd7 22. Qg4 Rd2 23. Bc3 f5 24. Qh5 g6 25. Qf3 fxe4 26. Bxe4 R2d3 27. Qxd3 Rxd3 28. Bxd3 Qxa3 29. Be5 Qa2 30. Rg3 Qd2 31. Bc4 Ng7 32. Rg1 Be4 33. Rc3 Bxg2+ 1/2-1/2

[Event "Moscow-ch op Superfinal"]
[Site "Ershovo"]
[Date "2024.02.27"]
[Round "7"]
[White "Petrova, Elizaveta"]
[Black "Antipov, Fedor"]
[Result "1/2-1/2"]
[WhiteElo "1895"]
[BlackElo "2013"]
[PlyCount "57"]
[EventDate "2024.02.23"]
[EventType "swiss"]
[EventRounds "10"]
[EventCountry "RUS"]
[SourceTitle "CB10_2024"]
[SourceDate "2024.03.06"]
[SourceVersion "1"]
[SourceVersionDate "2024.03.06"]
[SourceQuality "1"]

1. d4 Nf6 2. c4 e6 3. Nc3 Bb4 4. e3 d5 5. Bd2 0-0 6. a3 Be7 7. Bd3 dxc4 8. Bxc4 c5 9. Nf3 a6 10. dxc5 Bxc5 11. 0-0 b5 12. Be2 Bb7 13. b4 Bd6 14. Qc2 Nbd7 15. Rfd1 Qc7 16. h3 Rac8 17. Rac1 Qb8 18. Qb3 Rfd8 19. a4 bxa4 20. Nxa4 Ne4 21. Be1 Bd5 22. Qb1 Qa8 23. Nc3 Nxc3 24. Bxc3 Bf8 25. Qa1 Nb8 26. b5 axb5 27. Qxa8 Bxa8 28. Rxd8 Rxd8 29. Bxb5 1/2-1/2

[Event "RUS-ch Blitz (Women)"]
[Site "Sochi"]
[Date "2023.10.14"]
[Round "10"]
[White "Borisova, Ekaterina"]
[Black "Petrova, Elizaveta"]
[Result "1/2-1/2"]
[WhiteElo "2168"]
[BlackElo "1857"]
[PlyCount "79"]
[EventDate "2023.10.14"]
[EventType "swiss (blitz)"]
[EventRounds "13"]
[EventCountry "RUS"]
[SourceTitle "Mega2024 Update 01"]
[Source "Chessbase"]
[SourceDate "2023.11.12"]
[SourceVersion "1"]
[SourceVersionDate "2023.11.12"]
[SourceQuality "1"]

1. Nf3 Nf6 2. c4 g6 3. d4 d6 4. Nc3 Bg7 5. g3 0-0 6. Bg2 Nbd7 7. 0-0 e5 8. e4 h6 9. Re1 a5 10. h3 c6 11. Be3 Qc7 12. Qd2 Kh7 13. Rad1 Re8 14. c5 exd4 15. Nxd4 Nxc5 16. Qc2 Be6 17. Bf4 Rad8 18. b3 Bc8 19. a3 Qb6 20. Be3 Qc7 21. f4 Ne6 22. Nf3 Nf8 23. Qf2 N8d7 24. Qc2 Qb8 25. Rd2 Nc5 26. Bxc5 dxc5 27. Ne5 Kg8 28. Rxd8 Rxd8 29. Na4 Qd6 30. Nxc5 Qd4+ 31. Kh2 Qd2 32. Qc4 Qxe1 33. Qxf7+ Kh7 34. Qxg6+ Kg8 35. Nf7 Rd1 36. Nxh6+ Kh8 37. Nf7+ Kg8 38. Nh6+ Kh8 39. Nf7+ Kg8 40. Nh6+ 1/2-1/2

[Event "RUS-chT Blitz (Women)"]
[Site "Sochi"]
[Date "2022.10.17"]
[Round "9.8"]
[White "Solozhenkina, Elizaveta"]
[Black "Petrova, Elizaveta"]
[Result "0-1"]
[WhiteElo "2295"]
[BlackElo "1822"]
[PlyCount "134"]
[EventDate "2022.10.17"]
[EventType "team-swiss (blitz)"]
[EventRounds "11"]
[EventCountry "RUS"]
[SourceTitle "CBM 210 Extra"]
[Source "ChessBase"]
[SourceDate "2022.11.30"]
[SourceVersion "1"]
[SourceVersionDate "2022.11.30"]
[SourceQuality "1"]
[WhiteTeam "Cheliabinsk Yuzhnyy Ural (W)"]
[BlackTeam "Moscow MGFSO (W)"]
[WhiteTeamCountry "RUS"]
[BlackTeamCountry "RUS"]

1. Nf3 Nf6 2. g3 c6 3. Bg2 d5 4. 0-0 Bf5 5. d3 e6 6. Nbd2 Be7 7. Re1 h6 8. b3 0-0 9. Bb2 Nbd7 10. e4 dxe4 11. dxe4 Bh7 12. Qe2 Qc7 13. a3 Rfd8 14. e5 Ne8 15. Ne4 Nb6 16. c4 a5 17. h4 Rd7 18. Red1 Rad8 19. Ne1 Rxd1 20. Rxd1 Rxd1 21. Qxd1 a4 22. c5 Nd5 23. b4 b5 24. Nd6 Qd8 25. Nf3 Nec7 26. Nd4 Qd7 27. Qf3 f6 28. Bh3 Kh8 29. exf6 Bxf6 30. Qe2 Bg8 31. Bg4 Ne8 32. Nxe8 Qxe8 33. Nf3 Bxb2 34. Qxb2 Qg6 35. Bh3 Qe4 36. Bg2 Qc4 37. Ne5 Qb3 38. Ng6+ Kh7 39. Nf8+ Kh8 40. Qe2 Qb1+ 41. Kh2 Qf5 42. Be4 Qxf8 43. f4 Qf6 44. Qg4 Qb2+ 45. Bg2 Nf6 46. Qf3 Nd5 47. Qe4 Qc3 48. g4 Qf6 49. g5 Qxf4+ 50. Qxf4 Nxf4 51. Bxc6 e5 52. Bxb5 Bd5 53. gxh6 gxh6 54. Kg3 Kg7 55. Bd7 Ne6 56. c6 Nc7 57. Kf2 Kf6 58. Ke3 Ke7 59. Kd3 Kd6 60. Ke3 Bxc6 61. Bxc6 Kxc6 62. Ke4 Kd6 63. h5 Ke6 64. Ke3 Kd5 65. Kd3 e4+ 66. Ke3 Ke5 67. b5 Nxb5 0-1

[Event "Moscow-ch rapid (Women)"]
[Site "Moscow"]
[Date "2020.11.07"]
[Round "1"]
[White "Borisova, Ekaterina"]
[Black "Petrova, Elizaveta"]
[Result "1-0"]
[WhiteElo "2308"]
[BlackElo "1713"]
[PlyCount "125"]
[EventDate "2020.11.07"]
[EventType "swiss (rapid)"]
[EventRounds "9"]
[EventCountry "RUS"]
[SourceTitle "CBM 199 Extra"]
[Source "ChessBase"]
[SourceDate "2021.01.31"]
[SourceVersion "1"]
[SourceVersionDate "2021.01.31"]
[SourceQuality "1"]

1. Nf3 Nf6 2. g3 g6 3. Bg2 Bg7 4. 0-0 0-0 5. c4 c5 6. d4 cxd4 7. Nxd4 d6 8. Nc3 Qc7 9. b3 a6 10. Bb2 Nc6 11. Nc2 b6 12. Nd5 Nxd5 13. Bxg7 Kxg7 14. cxd5 Ne5 15. Rc1 Qa7 16. Qd4 Kg8 17. f4 Ng4 18. h3 Nf6 19. Nb4 b5 20. Qxa7 Rxa7 21. e4 e6 22. Nc6 Rc7 23. Na5 Rxc1 24. Rxc1 exd5 25. exd5 Bd7 26. Nb7 Ne8 27. b4 f6 28. Kf2 Rf7 29. g4 Re7 30. Na5 Kf7 31. Bf3 h6 32. a3 Kf8 33. Nc6 Bxc6 34. Rxc6 Ra7 35. Be4 Kf7 36. Ke3 Ra8 37. Kd4 Ra7 38. Rb6 h5 39. gxh5 gxh5 40. h4 Ke7 41. Bg6 Ng7 42. Rb8 Rc7 43. Rg8 Rc4+ 44. Ke3 Rc3+ 45. Kd2 Rxa3 46. Rxg7+ Kd8 47. Bxh5 Rh3 48. Bg4 Rxh4 49. Ke3 Ke8 50. Be6 Rh1 51. Ke4 Rb1 52. Kf5 Rxb4 53. Ra7 Ra4 54. Rb7 Rd4 55. Kxf6 Rxf4+ 56. Bf5 Kd8 57. Rd7+ Ke8 58. Rc7 Rxf5+ 59. Kxf5 b4 60. Ke6 Kd8 61. Rb7 a5 62. Kxd6 Kc8 63. Rb5 1-0

[Event "Moscow-ch rapid (Women)"]
[Site "Moscow"]
[Date "2020.11.07"]
[Round "8"]
[White "Strutinskaya, Galina N"]
[Black "Petrova, Elizaveta"]
[Result "1/2-1/2"]
[WhiteElo "2179"]
[BlackElo "1713"]
[PlyCount "140"]
[EventDate "2020.11.07"]
[EventType "swiss (rapid)"]
[EventRounds "9"]
[EventCountry "RUS"]
[SourceTitle "CBM 199 Extra"]
[Source "ChessBase"]
[SourceDate "2021.01.31"]
[SourceVersion "1"]
[SourceVersionDate "2021.01.31"]
[SourceQuality "1"]

1. d4 Nf6 2. c4 e6 3. Nc3 Bb4 4. f3 d5 5. a3 Bxc3+ 6. bxc3 0-0 7. cxd5 exd5 8. e3 Re8 9. Bd3 c5 10. Ne2 Nc6 11. 0-0 cxd4 12. cxd4 Bd7 13. Ng3 a6 14. Ra2 b5 15. Re2 Qb6 16. Nf5 Na5 17. g4 g6 18. Ng3 Be6 19. h3 Nc4 20. Rg2 a5 21. Kh2 b4 22. a4 Rad8 23. Bc2 Bd7 24. Re1 Bc6 25. Bb3 Qc7 26. Qc2 Qd7 27. g5 Nh5 28. Nxh5 gxh5 29. Qd1 Nb6 30. Ra2 Kh8 31. Rg1 Nc4 32. Qd3 Qe6 33. Re2 Bd7 34. Rg3 h4 35. Rg4 Qd6+ 36. Rf4 Nb6 37. Bc2 Qg6 38. Rxh4 Qxd3 39. Bxd3 Nxa4 40. Bxh7 Kg7 41. Bd3 Rh8 42. Rh6 Nc3 43. Rg2 a4 44. e4 a3 45. Rb6 Rxh3+ 46. Kg1 Rxf3 47. Bc2 dxe4 48. Rxb4 Be6 49. Bxa3 Ra8 50. Bb2 Ra2 51. Bb3 Ra6 52. d5 Bh3 53. Rc2 Rg6 54. Bxc3+ Kh7 55. Bd2 Rf1+ 56. Kh2 Bf5 57. Rc7 Kg8 58. d6 Rf2+ 59. Kg3 Rxd2 60. Bxf7+ Kg7 61. Bxg6+ Kxg6 62. Rb6 Kxg5 63. Rb5 Rd3+ 64. Kf2 Rd2+ 65. Ke3 Rd3+ 66. Ke2 Rxd6 67. Rcc5 Rf6 68. Ke3 Kg4 69. Re5 Rf7 70. Rxf5 Rxf5 1/2-1/2

[Event "Moscow-ch final (Women)"]
[Site "Moscow"]
[Date "2020.09.17"]
[Round "4"]
[White "Petrova, Elizaveta"]
[Black "Strukova, Ksenia"]
[Result "1/2-1/2"]
[WhiteElo "1647"]
[BlackElo "1978"]
[PlyCount "104"]
[EventDate "2020.09.13"]
[EventType "tourn"]
[EventRounds "7"]
[EventCountry "RUS"]
[SourceTitle "CBM 198 Extra"]
[Source "ChessBase"]
[SourceDate "2020.11.30"]
[SourceVersion "1"]
[SourceVersionDate "2020.11.30"]
[SourceQuality "1"]

1. d4 Nf6 2. c4 g6 3. Nc3 Bg7 4. e4 d6 5. Be2 e5 6. d5 0-0 7. Be3 c6 8. g4 cxd5 9. cxd5 Qa5 10. f3 Ne8 11. h4 h6 12. Qd2 Kh7 13. Bd3 Na6 14. Rc1 Bd7 15. Nge2 Rc8 16. a3 Nc5 17. Bc2 Qd8 18. b4 Na6 19. h5 g5 20. Bd3 Nac7 21. Bxa7 Ra8 22. Qe3 Qe7 23. b5 Nf6 24. b6 Nce8 25. a4 Bc8 26. a5 Nd7 27. Na4 Rg8 28. Ng3 Bf8 29. 0-0 Nc5 30. Nxc5 dxc5 31. Nf5 Qd8 32. Rfd1 f6 33. Bc4 Bxf5 34. exf5 Nd6 35. Bd3 Nc8 36. a6 Qd7 37. Bb5 Qxb5 38. axb7 c4 39. bxa8Q Bc5 40. Qxc5 Qxc5+ 41. Kg2 Qe3 42. Qb7+ Rg7 43. Qxc8 Qe2+ 44. Kg3 e4 45. b7 Qxf3+ 46. Kh2 Qf4+ 47. Kg1 Qg3+ 48. Kf1 Qf3+ 49. Ke1 e3 50. Rc2 Qg3+ 51. Kf1 Qf3+ 52. Ke1 Qg3+ 1/2-1/2

[Event "Moscow-ch final (Women)"]
[Site "Moscow"]
[Date "2020.09.14"]
[Round "2"]
[White "Petrova, Elizaveta"]
[Black "Dimitrova, Aleksandra"]
[Result "1/2-1/2"]
[WhiteElo "1647"]
[BlackElo "2229"]
[PlyCount "80"]
[EventDate "2020.09.13"]
[EventType "tourn"]
[EventRounds "7"]
[EventCountry "RUS"]
[SourceTitle "CBM 198 Extra"]
[Source "ChessBase"]
[SourceDate "2020.11.30"]
[SourceVersion "1"]
[SourceVersionDate "2020.11.30"]
[SourceQuality "1"]

1. d4 Nf6 2. c4 e6 3. Nf3 c5 4. Nc3 cxd4 5. Nxd4 Bb4 6. Bd2 0-0 7. g3 Nc6 8. Nxc6 dxc6 9. a3 Be7 10. Qc2 e5 11. Bg2 Be6 12. b3 Nd7 13. 0-0 f5 14. e3 Qe8 15. Ne2 Qh5 16. Bc3 Rf6 17. f4 Rh6 18. h4 e4 19. Bd4 c5 20. Bb2 Nf6 21. Bxf6 Rxf6 22. Kf2 Rff8 23. Nc3 Rfd8 24. Rad1 Qf7 25. Rxd8+ Rxd8 26. Rd1 a6 27. Rxd8+ Bxd8 28. Bf1 h6 29. Qd1 Ba5 30. Nd5 Kh7 31. a4 b5 32. axb5 axb5 33. Be2 Qb7 34. Qa1 Bd8 35. Qe5 Qd7 36. Bf1 Bxd5 37. Qxd5 Qxd5 38. cxd5 b4 39. Bc4 h5 40. Kf1 g6 1/2-1/2

[Event "Moscow-ch final (Women)"]
[Site "Moscow"]
[Date "2019.04.04"]
[Round "6"]
[White "Ivanova, Anastasia2222"]
[Black "Petrova, Elizaveta"]
[Result "1-0"]
[WhiteElo "1860"]
[BlackElo "1403"]
[PlyCount "87"]
[EventDate "2019.03.30"]
[EventType "swiss"]
[EventRounds "9"]
[EventCountry "RUS"]
[SourceTitle "CBM 189 Extra"]
[Source "ChessBase"]
[SourceDate "2019.06.03"]
[SourceVersion "1"]
[SourceVersionDate "2019.06.03"]
[SourceQuality "1"]

1. d4 Nf6 2. c4 e6 3. Nc3 Bb4 4. Qc2 c5 5. a3 Bxc3+ 6. Qxc3 cxd4 7. Qxd4 Nc6 8. Qd3 Qc7 9. h3 b6 10. b3 Bb7 11. Bb2 0-0-0 12. Nf3 d5 13. b4 Qf4 14. e3 Qe4 15. Ng5 Qxd3 16. Bxd3 Rd7 17. Rc1 dxc4 18. Bxc4 Kb8 19. Bb5 Rc8 20. Bxf6 gxf6 21. Nxh7 f5 22. Ng5 a6 23. Be2 Rg8 24. h4 Nd8 25. Rh2 f6 26. Nf3 e5 27. Rd1 Rxd1+ 28. Bxd1 Kc7 29. h5 Bxf3 30. Bxf3 Kd6 31. Bd1 e4 32. Bb3 Rh8 33. h6 Nc6 34. Kd2 Ke5 35. f3 a5 36. b5 Ne7 37. Rh5 Kd6 38. h7 exf3 39. gxf3 Kc5 40. a4 Kb4 41. Bc2 Ka3 42. Rh4 Kb2 43. Bd3 Kb3 44. Ke2 1-0

[Event "Moscow-ch final (Women)"]
[Site "Moscow"]
[Date "2019.04.02"]
[Round "4"]
[White "Petrova, Elizaveta"]
[Black "Khachatryan, Nadezhda"]
[Result "0-1"]
[WhiteElo "1403"]
[BlackElo "1738"]
[PlyCount "108"]
[EventDate "2019.03.30"]
[EventType "swiss"]
[EventRounds "9"]
[EventCountry "RUS"]
[SourceTitle "CBM 189 Extra"]
[Source "ChessBase"]
[SourceDate "2019.06.03"]
[SourceVersion "1"]
[SourceVersionDate "2019.06.03"]
[SourceQuality "1"]

1. d4 d5 2. c4 dxc4 3. Nf3 Nf6 4. Bf4 a6 5. a4 e6 6. Nc3 Bb4 7. Bd2 0-0 8. e3 Bxc3 9. Bxc3 Qd5 10. Qe2 b5 11. Nd2 Bb7 12. axb5 axb5 13. Rxa8 Bxa8 14. f3 Qb7 15. Bb4 Re8 16. e4 Nc6 17. Bc5 Nd7 18. Qe3 Nxc5 19. dxc5 Qa7 20. Kf2 Nb4 21. Kg3 Na6 22. h4 Qxc5 23. Qc3 Rd8 24. Qa5 Bb7 25. Kh3 Qf2 26. Nb1 Qxb2 27. Na3 Ra8 28. Qxb5 Qxa3 29. Qxb7 Nc5 30. Qb1 c3 31. Bc4 Qb2 32. Qg1 c2 33. Qxc5 c1Q 34. Rxc1 Qxc1 35. Qxc7 h6 36. Qc6 Ra1 37. Qe8+ Kh7 38. Bd3 Qf4 39. e5+ g6 40. Bxg6+ fxg6 41. Qe7+ Kh8 42. Qd8+ Kg7 43. Qd7+ Qf7 44. Qd4 Ra7 45. Kg3 Rd7 46. Qa4 Rd5 47. Qc4 g5 48. hxg5 hxg5 49. Kf2 Qf4 50. Qc7+ Kg6 51. Qe7 Rd2+ 52. Kf1 Rd1+ 53. Kf2 Qd4+ 54. Kg3 Qh4# 0-1